ADVANCED CALCULUS BA/ BSc.-2 SEM-3 (Record no. 10087)

MARC details
000 -LEADER
fixed length control field 00256nam a22001097a 4500
003 - CONTROL NUMBER IDENTIFIER
control field SGT
100 ## - MAIN ENTRY--PERSONAL NAME
Personal name JAIN, M. L.
245 ## - TITLE STATEMENT
Title ADVANCED CALCULUS BA/ BSc.-2 SEM-3
260 ## - PUBLICATION, DISTRIBUTION, ETC. (IMPRINT)
Place of publication, distribution, etc NEW DELHI
Name of publisher, distributor, etc JEEVANSONS PUBLICATION
Year of Publication 2016
300 ## - PAGE DESCRIPTION
No. of Pages V.P.
942 ## - ADDED ENTRY ELEMENTS (KOHA)
Source of classification or shelving scheme Dewey Decimal Classification
Koha item type FPS Books
942 ## - ADDED ENTRY ELEMENTS (KOHA)
-- 1
Holdings
Withdrawn status Lost status Source of classification or shelving scheme Damaged status Not for loan Collection code Home library Current library Shelving location Date acquired Vendor Name Cost, normal purchase price SGTU Bill Number Total Checkouts Total Renewals Accession No. (Barcode) Date last seen Date last borrowed Bill Date Koha item type
    Dewey Decimal Classification     SCIENCE SGT Science & Social Sciences Library SGT Science & Social Sciences Library Text Book 01/12/2016 UNIVERSAL BOOK STALL 230.00 SGTU 337 16 1 PS2958 29/04/2025 21/04/2025 20/10/2016 FPS Books
    Dewey Decimal Classification     SCIENCE SGT Science & Social Sciences Library SGT Science & Social Sciences Library Text Book 01/12/2016 UNIVERSAL BOOK STALL 230.00 SGTU 337 10   PS2959 20/05/2019 08/12/2017 20/10/2016 FPS Books
    Dewey Decimal Classification     SCIENCE SGT Science & Social Sciences Library SGT Science & Social Sciences Library Text Book 01/12/2016 UNIVERSAL BOOK STALL 230.00 SGTU 337 10   PS2960 04/12/2017 27/11/2017 20/10/2016 FPS Books
    Dewey Decimal Classification     SCIENCE SGT Science & Social Sciences Library SGT Science & Social Sciences Library Text Book 01/12/2016 UNIVERSAL BOOK STALL 230.00 SGTU 337 12   PS2961 10/12/2018 15/11/2018 20/10/2016 FPS Books
    Dewey Decimal Classification     SCIENCE SGT Science & Social Sciences Library SGT Science & Social Sciences Library Text Book 01/12/2016 UNIVERSAL BOOK STALL 230.00 SGTU 337 19   PS2962 28/11/2018 26/11/2018 20/10/2016 FPS Books
    Dewey Decimal Classification     SCIENCE SGT Science & Social Sciences Library SGT Science & Social Sciences Library Text Book 01/12/2016 UNIVERSAL BOOK STALL 230.00 SGTU 337 13   PS2963 20/11/2018 12/11/2018 20/10/2016 FPS Books
    Dewey Decimal Classification     SCIENCE SGT Science & Social Sciences Library SGT Science & Social Sciences Library Text Book 01/12/2016 UNIVERSAL BOOK STALL 230.00 SGTU 337 10   PS2964 09/12/2017 27/11/2017 20/10/2016 FPS Books
    Dewey Decimal Classification     SCIENCE SGT Science & Social Sciences Library SGT Science & Social Sciences Library Text Book 01/12/2016 UNIVERSAL BOOK STALL 230.00 SGTU 337 11   PS2965 04/12/2017 25/11/2017 20/10/2016 FPS Books